000
00319nam a2200133Ia 4500
008
231017s9999 xx 000 0 und d
082
_a
388.4131
082
_b
TRB
245
0
_a
Innovations in Travel Demand Modeling: Volume 1: Session Summaries
245
0
_c
TRB
260
_b
TRB
300
_c
30cm
942
_c
REP
999
_c
604178
_d
604178